| 000 | 00989nam a2200241Ia 4500 | ||
|---|---|---|---|
| 003 | IN-BaIIA | ||
| 008 | 211028s9999 xx 000 0 eng d | ||
| 020 | _a90-277-0365-5 | ||
| 040 | _cIIA Library | ||
| 080 |
_a082.2:52 _bIAU-S54 |
||
| 111 |
_aInternational Astronomical Union Symposium _n54th _cGeneva, Switzerland _d1972 Sep. 12-15 _97869 |
||
| 245 | 0 |
_aProblems of calibration of absolute magnitudes and temperature of stars _bproceedings of the IAU symposium, no. 54, held in Geneva, Switzerland, September 12-15, 1972 _cedited by B. Hauck and B. E. Westerlund |
|
| 260 |
_aDordrecht _bD. Reidel Publishing _c1973 |
||
| 300 | _avii, 304p. | ||
| 490 | _aIAU Symposium; no. 54 | ||
| 650 |
_a Absolute magnitudes calibration _97870 |
||
| 650 |
_a Temperature calibration _97871 |
||
| 650 |
_aAstronomy and Astrophysics Thesaurus _91143 |
||
| 650 |
_aHigh temperature physics _97872 |
||
| 700 |
_aHauck, B., ed. _97873 |
||
| 700 |
_aWesterlund, B. E., ed. _97708 |
||
| 942 | _cBK | ||
| 999 |
_c4498 _d4498 |
||